000 01200cam a2200301 a 4500
001 2540421
003 ARRUPE
005 20150722151247.0
008 940214s1995 enkab b 001 0 eng
010 _a 94007571
020 _a0631177396 (alk. paper) :
_c$39.95
040 _aDLC
_cDLC
_dDLC
041 1 _aeng
_hfre
050 0 0 _aQ125
_b.E4313 1995
082 0 0 _a509
_220
130 0 _aEléments d'histoire des science.
_lEnglish
_918529
245 1 2 _aA History of scientific thought :
_belements of a history of science : translated from the French /
_cedited by Michel Serres ; [contributors] Michel Authier... [et al.].
260 _aOxford ;
_aCambridge, Mass. :
_bBlackwell,
_c1995.
300 _aviii, 760 p. :
_bill., maps ;
_c27 cm.
504 _aIncludes bibliographical references (p. 734-751) and index.
650 0 _aScience
_xHistory.
_918530
650 0 _aScience
_xPhilosophy
_xHistory.
_9867
700 1 _aSerres, Michel.
_918531
700 1 _aAuthier, Michel.
_918532
906 _a7
_bcbc
_corignew
_d1
_eocip
_f19
_gy-gencatlg
942 _2lcc
_cMONOGRAPH
999 _c123039
_d123039